000 00572nam a2200181Ia 4500
999 _c21479
_d21479
003 OSt
005 20200706150245.0
008 190216s9999||||xx |||||||||||||| ||und||
020 _a9780195658453
040 _coclc
082 _a954.802
_bKAR/C
100 _aKarashima, Noboru
_93017
245 0 _aA Concordance Of Nayakas :
_bThe Vijayanagar Inscriptions in South India /
_cNoboru Karashima
260 _bOxford University Press,
_c2012.
_aNew Delhi:
300 _a350p
650 _aHistory
942 _cBK
_2ddc
_h954.802
_iKAR/C
_k954.802
_mKAR/C